Vista normal
Vista MARC
- Dermatología pediátrica
Entrada Término temático
Número de registros utilizados en: 1
001 - NÚMERO DE CONTROL
- campo de control: 3480
003 - IDENTIFICADOR DEL NÚMERO DE CONTROL
- campo de control: DO-SdUEMH
005 - FECHA Y HORA DE LA ÚLTIMA TRANSACCIÓN
- campo de control: 20260204224651.0
008 - DATOS DE LONGITUD FIJA
- campo de control de longitud fija: 260204|| anz||babn | a|a d
040 ## - FUENTE DE LA CATALOGACIÓN
- Centro catalogador/agencia de origen: DO-SdUEMH
- Lengua de catalogación: spa
- Convención/Normas de encabezamiento de materia/tesauro: armarc
150 ## - ENCABEZAMIENTO--TÉRMINO DE MATERIA
- Término de materia o nombre geográfico como elemento de entrada: Dermatología pediátrica
670 ## - FUENTE DE DATOS ENCONTRADOS
- Cita de la fuente: ARMARC
- Información encontrada: (Dermatología pediátrica)




